000 003760000a22001090004500
090 _aAS
_bSeriadas
245 1 0 _aContribución al conocimiento de la ictiofauna de la Bahía Portete, departamento de la Guajira, Colombia
041 0 _aEspañol
100 1 _aGarzon Ferreira, Jaime
_93758
942 _cARTICULO
773 1 _tTrianea
_kActa Científica y Tecnológica
_h3
_q149-172
_d1989
999 _c16184
_d16184